|
|
|
|
| LEADER |
00000nab#a22000007a#4500 |
| 001 |
arbauad000048 |
| 003 |
AR-BaUAD |
| 005 |
20250711110343.0 |
| 008 |
930521|||||||||###||||||b###|0###a|spa|| |
| 040 |
|
|
|a AR-BaUAD
|c AR-BaUAD
|b spa
|
| 100 |
|
|
|a Solomon, Martin
|
| 245 |
|
|
|a Entrevista a Martin Solomon /
|c Martin Solomon; Adrian Levin; Diego Vainesman;
|
| 300 |
0 |
|
|b il., fot.
|
| 653 |
|
|
|a SOLOMON, MARTIN
|
| 653 |
|
|
|a TIPOGRAFIA
|
| 653 |
|
|
|a DISEÑO GRAFICO
|
| 700 |
1 |
|
|a Levin, Adrian
|
| 700 |
1 |
|
|a Vainesman, Diego
|
| 773 |
0 |
|
|t TIPOGRAFICA
|g año 1, no. 1 [1987], p. 27-29
|
| 942 |
|
|
|c ARTI
|
| 952 |
|
|
|0 0
|1 0
|4 0
|7 0
|9 44969
|a AR-BAuAD
|b AR-BAuAD
|d 2025-07-11
|l 0
|p AAQA000048
|r 2025-07-11 11:03:43
|w 2025-07-11
|y ARTI
|
| 990 |
|
|
|a DG198
|b TD
|
| 998 |
|
|
|a AAQ
|b BIBUN76
|
| 999 |
|
|
|c 24642
|d 24642
|